000 01120pam a2200277 a 4500
001 3787695
005 20230324091311.0
008 841023s1985 ne a b f000 0 eng
010 _a 84022710
020 _a9024730988
040 _aDLC
_cDLC
_dDLC
050 0 0 _aTL671.4
_b.M66 1985
082 0 0 _a629.2
_219
_bMOO
100 1 _aMooij, H. A.
_9111263
245 1 0 _aCriteria for low-speed longitudinal handling qualities of transport aircraft with closed-loop flight control systems /
_cH.A. Mooij.
260 _aDordrecht ;
_aBoston :
_bM. Nijhoff for Nationaal Lucht- en Ruimtevaartlaboratorium, National Aerospace Laboratory, NLR, The Netherlands,
_c1985.
300 _aix, 152 p. :
_bill. ;
_c27 cm.
504 _aIncludes bibliographies.
650 0 _aAirplanes
_xHandling characteristics.
_9111116
650 0 _aAirplanes
_xControl systems.
_955648
650 0 _aStability of airplanes, Longitudinal.
_9111264
650 0 _aTransport planes.
_9111265
710 2 _aNationaal Lucht- en Ruimtevaartlaboratorium (Netherlands)
_9111266
906 _a7
_bcbc
_corignew
_d1
_eocip
_f19
_gy-gencatlg
942 _2ddc
_cBK
999 _c594195
_d594195